Central Library OPAC University of Rajshahi

Capital formation and economic growth : (Record no. 45426)

MARC details
000 -LEADER
fixed length control field 01101nam a2200265 a 4500
001 - CONTROL NUMBER
control field 45426
003 - CONTROL NUMBER IDENTIFIER
rucl marc code BD-RjUL
005 - DATE AND TIME OF LATEST TRANSACTION
control field 20211209054018.0
008 - FIXED-LENGTH DATA ELEMENTS--GENERAL INFORMATION
fixed length control field 160726s1957 nyua|||| |||| 001 0 eng d
035 ## - SYSTEM CONTROL NUMBER
System control number (BD-RjUL)45544
040 ## - CATALOGING SOURCE
Original cataloging agency BD-RjUL
Language of cataloging eng
Transcribing agency BD-RjUL
041 ## - LANGUAGE CODE
Language code of text/sound track or separate title eng
082 ## - DEWEY DECIMAL CLASSIFICATION NUMBER
Edition number 23
Classification number 332.6
Author mark and year UNC 1957
110 ## - MAIN ENTRY--CORPORATE NAME
Corporate name or jurisdiction name as entry element Universities--National Bureau Committee for Economic Research.
9 (RLIN) 138358
245 #0 - TITLE STATEMENT
Title Capital formation and economic growth :
Remainder of title a conference of the Universities-National Bureau Committee for Economic Research /
Statement of responsibility, etc. Universities--National Bureau Committee for Economic Research
260 ## - PUBLICATION, DISTRIBUTION, ETC. (IMPRINT)
Place of publication, distribution, etc. Princeton :
Name of publisher, distributor, etc. Princeton University Press,
Date of publication, distribution, etc. c1955 [Printing 1957]
300 ## - PHYSICAL DESCRIPTION
Pagination 677 p. :
Illustrations ill. ;
Size 21 cm.
490 ## - SERIES STATEMENT
Series statement National Bureau of Economic Research publications in reprint
500 ## - GENERAL NOTE
General note Includes index.
650 ## - SUBJECT ADDED ENTRY--TOPICAL TERM
Topical term or geographic name as entry element Economics
9 (RLIN) 139074
Topical term or geographic name as entry element Saving and investment
9 (RLIN) 139075
710 ## - ADDED ENTRY--CORPORATE NAME
Corporate name or jurisdiction name as entry element Universities--National Bureau Committee for Economic Research.
9 (RLIN) 138358
830 ## - SERIES ADDED ENTRY--UNIFORM TITLE
Uniform title National Bureau of Economic Research publications in reprint
942 ## - ADDED ENTRY ELEMENTS (KOHA)
Source of classification or shelving scheme Dewey Decimal Classification
Koha item type Books
Holdings
Lost status Source of classification or shelving scheme Damaged status Not for loan Collection code Permanent Location Current Location Shelving location Date acquired Source of acquisition Cost, normal purchase price Total Checkouts Full call number Date last seen Copy number Koha item type
  Dewey Decimal Classification     Non-fiction Central Library, University of Rajshahi Central Library, University of Rajshahi   24/01/1963 Zeitlinger 84.00   332.6 UNC 1957 26/07/2016 C-2 Books
  Dewey Decimal Classification     Non-fiction Central Library, University of Rajshahi Central Library, University of Rajshahi   24/01/1963 Zeitlinger 84.00   332.6 UNC 1957 26/07/2016 C-3 Books
  Dewey Decimal Classification     Non-fiction Central Library, University of Rajshahi Central Library, University of Rajshahi   24/01/1963 Zeitlinger 84.00   332.6 UNC 1957 26/07/2016 C-4 Books